Estadísticas para Ciudades de Sudamérica sin Vocales

Haz click aquí para intentar la prueba.

Estadísticas generales

  • Esta prueba ha sido intentada 93 veces
  • La puntuación promedio es 23 de 30

Estadísticas de respuestas

PistaCiudad% Correcto
L_M_Lima
100%
B_G_T_Bogotá
93%
BR_S_L__Brasilia
92%
G__Y_Q__LGuayaquil
92%
M_D_LL_NMedellín
92%
M_NT_V_D__Montevideo
92%
Q__T_Quito
92%
C_R_C_SCaracas
90%
M_ND_Z_Mendoza
90%
S_NT__G_ D_ CH_L_Santiago de Chile
89%
B__N_S __R_SBuenos Aires
87%
M_R_C__B_Maracaibo
87%
P__RT_ _SP_Ñ_Puerto España
87%
G__RG_T_WNGeorgetown
85%
S_NT_ CR_Z D_ L_ S__RR_Santa Cruz de la Sierra
85%
L_ P_ZLa Paz
82%
S_LT_Salto/Salta
80%
P_RT ST_NL_Y/P__RT_ _RG_NT_N_Port Stanley/Puerto Argentino
79%
R__ D_ J_N__R_Río de Janeiro
79%
_S_NC__NAsunción
75%
C_NC_PC__NConcepción
75%
P_R_M_R_B_Paramaribo
75%
_R_Q__P_Arequipa
72%
C_Y_N_Cayena
64%
C__D_D D_L _ST_Ciudad del Este
64%
C_R_T_B_Curitiba
56%
_R_NJ_ST_DOranjestad
48%
W_LL_MST_DWillemstad
31%
KR_L_ND_JKKralendijk
23%
CH_G__N_SChaguanas
11%

Distribución de puntuación

Porcentaje por número respondido

Porcentaje de gente con cada puntuación

Historial de tus puntuaciones

No has intentado esta prueba.